000 00406nam a2200193Ia 4500
008 240510s9999 xx 000 0 und d
020 _a9780333914557
041 _aEng
082 _a823
082 _bD85
100 _aDUMAS ,Alexandre
245 4 _aThe Three Musketeers
260 _bIndia:Macmillan
260 _c2009
300 _a133 p.
650 _aNovel
942 _2ddc
942 _cLBK
999 _c28870
_d28870
945 _a1
_bMadushi Gamage
_c1
_dMadushi Gamage